000 00866nam a2200229 a 4500
001 297336
003 AM-YEHGA
005 20250617164710.0
008 040809s2004 ai ||||gr|||||||||1|arm|d
020 _a9994190938
040 _aAM-YeHGA
041 1 _aarm
_heng
100 1 _aՍարոյան, Վիլյամ Արմենակի,
_d1908-1981
245 1 0 _aՀայաստանի Անդրանիկը :
_b(Պատմվածքներ) = William Saroyan Antranik of Armenia : (Short Stories) /
_cՎ․ Սարոյան, թարգմանեց՝ Արամ Արսենյան .
246 1 5 _aAntranik of Armenia :
_b (Short stories)
260 _aԵրևան :
_b«Ծիծեռնակ» հրատ․,
_c2004 .
300 _a88 էջ ;
_c22 սմ.
650 1 4 _aԱմերիկյան պատմվածք
700 1 _aԱրսենյան, Արամ
_eթարգմ.
_4trl
942 _2udc
_cBK
090 _c566415
999 _c528227
_d528227